000 00716cab a2200217 4500
001 WB3409-14
008 090401t1998 xxu||||| |||| 00| 0 eng d
035 _a(Sirsi) u84629
041 _aeng
245 _aPrinciples for dealing with radioactive land
260 _c1998
350 _a0
490 _aDETR News Release
_v(139/ENV) 26 February 1998, (2)
520 _aGovernment has published a consultation paper on the broad principles for dealing with radioactively contaminated land. Responses by 1 June 1998.
650 _aCONTAMINATED LAND
650 _aPOLLUTION CONTROL
650 _aRADIOACTIVE CONTAMINATION
690 _aENVIRONMENTAL AND LAND CONSULTANCY
942 _n0
948 _c03/03/1998
999 _c53199
_d53199